Géoarchéologie des ports antiques du Liban /

محفوظ في:

المؤلف الرئيسي: Marriner, Nick (مؤلف)

التنسيق: كتاب

اللغة: French
English

منشور في: Paris : Harmattan, 2009.

سلاسل: Milieux naturels et sociétés. Approches géographiques.

الموضوعات:

الوسوم: إضافة وسم

لا توجد وسوم, كن أول من يضع وسما على هذه التسجيلة!

رقم الطلب: DS80.3 .M3715 2009

LEADER 01216namaa2200325 4500
001 22577
003 OSt
005 20211128080728.0
008 130303s2009 fr ab g b 000 0 fre d
952 |0 0  |1 0  |2 lcc  |4 0  |6 DS00803 M3715 02009  |7 1  |9 23538  |a ARCE  |b ARCE  |d 2021-11-28  |l 0  |o DS80.3 .M3715 2009  |p 1012803  |r 2021-11-28 00:00:00  |w 2021-11-28  |y BK 
999 |c 28704  |d 28704 
020 |a 9782296099272 
040 |c ARCE Library 
041 1 |a fre  |h eng 
043 |a a-le--- 
050 4 |a DS80.3 .M3715 2009 
100 1 |a Marriner, Nick,  |e author  |9 35441 
240 1 0 |a Geoarchaeology of Lebanon's ancient harbours.  |l French 
245 1 0 |a Géoarchéologie des ports antiques du Liban /  |c Nick Marriner. 
264 1 |a Paris :  |b Harmattan,  |c 2009. 
300 |a 259 pages :   |b illustrations, maps ;   |c 24 cm. 
490 1 |a Milieux naturels et sociétés. Approches géographiques. 
504 |a Includes bibliographical references (p. [215]-251). 
650 0 |a Excavations (Archaeology)  |z Lebanon. 
650 0 |a Harbors  |z Lebanon  |x History. 
650 0 |a Archaeological geology  |z Lebanon. 
651 0 |a Lebanon  |x Antiquities. 
830 0 |a Milieux naturels et sociétés.  |p Approches géographiques. 
901 |a reviewed 
942 |c BK  |2 lcc